Normal view
MARC view
- PROBABILITY IN ENGINEERING DECISIONS
Entry Topical Term
001 - CONTROL NUMBER
- control field: 76392
003 - CONTROL NUMBER IDENTIFIER
- control field: NUST
005 - DATE AND TIME OF LATEST TRANSACTION
- control field: 20210628205633.0
008 - FIXED-LENGTH DATA ELEMENTS
- fixed length control field: 210628|| aca||aabn | a|a d
040 ## - CATALOGING SOURCE
- Original cataloging agency: NUST
- Transcribing agency: NUST
150 ## - HEADING--TOPICAL TERM
- Topical term or geographic name entry element: PROBABILITY IN ENGINEERING DECISIONS
670 ## - SOURCE DATA FOUND
- Source citation: Work cat.: (NUST): Metcalfe, Andrew.V 39492, Statistics in engineering a practical approach, 1996
